Úspech v podnikaní praje pripraveným, na šťastie sa neradno spoliehať
Prieskum realizovaný v roku 2011 Združením mladých podnikateľov Slovenska (ZMPS) z ktorého vyplýva, že každý štvrtý podnikateľ štartuje svoj biznis bez akejkoľvek prípravy. Výmena skúseností a mentoring.
Saved in:
| Main Author: | |
|---|---|
| Format: | Book Chapter |
| Language: | Slovak |
| Subjects: | |
| Tags: |
No Tags, Be the first to tag this record!
|
MARC
| LEADER | 00000naa a2200000 4500 | ||
|---|---|---|---|
| 001 | 0149784 | ||
| 005 | 20240502072708.4 | ||
| 041 | 0 | |a slo | |
| 044 | |a SK | ||
| 245 | 1 | 0 | |a Úspech v podnikaní praje pripraveným, na šťastie sa neradno spoliehať |c Ján Solík |
| 520 | |a Prieskum realizovaný v roku 2011 Združením mladých podnikateľov Slovenska (ZMPS) z ktorého vyplýva, že každý štvrtý podnikateľ štartuje svoj biznis bez akejkoľvek prípravy. Výmena skúseností a mentoring. | ||
| 610 | 2 | 0 | |a podnikatelia |
| 610 | 2 | 0 | |a podnikanie |
| 610 | 2 | 0 | |a politika podnikania |
| 610 | 2 | 0 | |a stratégia podnikateľská |
| 610 | 2 | 0 | |a rozhodovanie |
| 610 | 2 | 0 | |a brainstorming |
| 610 | 2 | 0 | |a prieskum |
| 100 | 1 | |a Solík, Ján | |